00334nam a2200121Ia 4500008004100000041001200041082001700053100003700070245004400107260002500151300000800176650002800184231217s9999 xx 000 0 und d aEnglish a001.535 CHA aCharniak, Eugene McDermott, Drew 0aIntroduction to artificial intelligence c1987bAddison-Wesley a700 aArtificial intelligence